Boccadirosa Pino Deodato (Record no. 598)

MARC details
000 -LEADER
campo de control de longitud fija 00425nam a22001337a 4500
008 - DATOS DE LONGITUD FIJA--INFORMACIÓN GENERAL
campo de control de longitud fija 150515b xxu||||| |||| 00| 0 eng d
082 ## - NÚMERO DE LA CLASIFICACIÓN DECIMAL DEWEY
Número de clasificación 708
Número de ítem D 418b
100 ## - ENTRADA PRINCIPAL--NOMBRE DE PERSONA
Nombre de persona Deodato, Pino
9 (RLIN) 2679
245 ## - MENCIÓN DEL TÍTULO
Título Boccadirosa Pino Deodato
Mención de responsabilidad, etc. Deodato, Pino
260 ## - PUBLICACIÓN, DISTRIBUCIÓN, ETC.
Lugar de publicación, distribución, etc. Miami, Florida
Nombre del editor, distribuidor, etc. Galleria Ambrosino
Fecha de publicación, distribución, etc. 2000
300 ## - DESCRIPCIÓN FÍSICA
Extensión 42 p.
Otras características físicas ill. (col)
Dimensiones 21x28.5 cm
650 ## - PUNTO DE ACCESO ADICIONAL DE MATERIA--TÉRMINO DE MATERIA
Subdivisión general Arte moderno
-- Deodato, Pino
-- Exhibición
9 (RLIN) 2680
700 ## - ENTRADA AGREGADA--NOMBRE PERSONAL
Nombre de persona George Bolge
9 (RLIN) 2681
Holdings
Estatus retirado Estado de pérdida Fuente del sistema de clasificación o colocación Estado de daño No para préstamo Biblioteca de origen Biblioteca actual Ubicación en estantería Fecha de adquisición Total de préstamos Signatura topográfica completa Código de barras Visto por última vez Precio de reemplazo Tipo de ítem Koha
    Clasificación Decimal Dewey     Biblioteca LadoV Biblioteca LadoV   15/05/2015   708 D 418b 000734 15/05/2015 15/05/2015 Material 01